00609cam7a220020500 4500001001200000003000500012005001700017008004100034035001900075035002200094040000900116100007500125245003300200260004000233440004800273504002800321650002200349650002600371004000600397tmp15385795UPRA20190823101118.0950801s1965 stk eng u a(Sirsi) r55915 a(UPRA)tmp15385795 cUPRA1 aDavey, K. G. (Kenneth George)qDavey, K. G. (Kenneth George)6A14629.110aReproduction in the insects. aEdinburgh :bOliver & Boyd,c[1965] 0aUniversity reviews in biology ;v56S3331.1 aBibliography: p. 86-94. 0aInsects.6S8668.1 0aReproduction.6S202.155915